Clickable Random Facts Quiz Stats

 Plays Quiz not verified by Sporcle

Support Sporcle.
Go Orange.
Score 0/16 Timer 05:00
0 Plays Today
% Correct
6,973,738,433
95.8%
12
67.6%
43
49.3%
299,792,458
40.8%
15
40.8%
31,557,600
38.7%
8,850
36.6%
1,155,200
22.5%
% Correct
400,000
21.8%
100,000
21.1%
370
19.7%
11,200
19%
32,200
18.3%
400
18.3%
61,000
17.6%
75
12%

You're not logged in!

Compare scores with friends on all Sporcle quizzes.
OR
Log In

From the Vault

Constitutional Amendments

by 3sticks

Don't interfere with anything in the Constitution. That must be maintained, for it is the only safeguard of our liberties. --Abraham Lincoln
Remove Ads.
Support Sporcle.
Get the best of Sporcle when you Go Orange. This ad-free experience offers more features, more stats, and more fun while also helping to support Sporcle. Thank you for becoming a member.

Show Comments

Extras

Created Jan 14, 2013ReportNominate
Tags:Clickable Quiz

Top Quizzes Today


Score Distribution

Your Account Isn't Verified!

In order to create a playlist on Sporcle, you need to verify the email address you used during registration. Go to your Sporcle Settings to finish the process.

Report this User

Report this user for behavior that violates our Community Guidelines.

Details: